| Tag |
First Indicator |
Second Indicator |
Subfields |
| LEADER |
00000cas a2200000 4500 |
| 001 |
in00000069444 |
| 005 |
20151008053355.0 |
| 008 |
760620d19701970iluuu 0uuua0enge |
| 010 |
|
|
|a 74116332
|
| 022 |
|
|
|a 0068-1172
|
| 035 |
|
|
|a (OCoLC)02250670
|
| 035 |
|
|
|9 AAH7219AM
|
| 040 |
|
|
|a MUL
|c MUL
|d UCU
|d OCL
|d TXA
|d UtOrBLW
|
| 049 |
|
|
|a TXAE
|
| 050 |
|
0 |
|a T73
|b .B67
|
| 082 |
0 |
|
|a 620/.0071/173
|
| 245 |
0 |
0 |
|a Britannica review of developments in engineering education.
|
| 246 |
1 |
0 |
|a Review of developments in engineering education
|
| 264 |
|
1 |
|a Chicago :
|b Encyclopaedia Britannica, Inc.
|
| 300 |
|
|
|a 1 volume :
|b illustrations ;
|c 24 cm.
|
| 336 |
|
|
|a text
|b txt
|2 rdacontent
|
| 337 |
|
|
|a unmediated
|b n
|2 rdamedia
|
| 338 |
|
|
|a volume
|b nc
|2 rdacarrier
|
| 362 |
0 |
|
|a v. 1; 1970.
|
| 490 |
1 |
|
|a Britannica reviews in education
|
| 500 |
|
|
|a Editor: 1970- N. A. Hall.
|
| 650 |
|
0 |
|a Engineering
|x Study and teaching
|z United States.
|
| 700 |
1 |
|
|a Hall, Newman A.
|
| 760 |
0 |
|
|t Britannica reviews in education
|
| 830 |
|
0 |
|a Britannica reviews in education.
|
| 999 |
|
|
|a MARS
|
| 999 |
f |
f |
|s 742c6630-66db-36f2-a167-458caa0fee30
|i a66ce7de-5ac7-3fbd-b3ef-57febe62496c
|t 0
|
| 952 |
f |
f |
|p ric
|a Texas A&M University
|b Rellis Campus
|c Joint Library Facility
|d Remote Storage
|t 0
|e T73 .B67
|h Library of Congress classification
|i unmediated -- volume
|k v.1
|l 1970
|m A14809686004
|
| 998 |
f |
f |
|a T73 .B67
|s v.1 (1970)
|t 0
|l Remote Storage
|